Shrinking Cities in Mississippi - Statistics

General Stats
  • This quiz has been taken 26 times
  • The average score is 6 of 10
Answer Stats
Population Growth Rate (%) City % Correct
153,701 -12 Jackson
100%
29,670 -15 Greenville
76%
35,052 -16 Meridian
67%
21,573 -10 Vicksburg
67%
24,084 -4.5 Columbus
48%
22,010 -1.7 Pascagoula
48%
14,490 -11 Greenwood
43%
17,161 -7.6 Laurel
43%
14,520 -8.0 Natchez
43%
14,903 -19 Clarksdale
38%
No matching quizzes found
Score Distribution
Percent of People with Each Score
Percentile by Number Answered
Your Score History
You have not taken this quiz